| 000 | 00732nam a22002297a 4500 | ||
|---|---|---|---|
| 999 |
_c16686 _d16686 |
||
| 003 | AR-CdUCM | ||
| 008 | 190504b ||||| |||| 00| 0 spa d | ||
| 040 |
_aMUNICIPALIDAD PROVINCIAL DEL CUSCO _cBIBLIOTECA MUNICIPAL DEL CUSCO |
||
| 082 |
_a345.725 / _bA41 |
||
| 100 |
_aAlmeida Peña, Feliciano _936272 |
||
| 245 | _aJuicio de alimentos / | ||
| 260 |
_aLima : _bMarsol Perú, _c1989. |
||
| 300 |
_a316 páginas ; _c15.5 cm. |
||
| 505 | _aContenido: D.L. 128 -- Leyes conexas -- Jurisprudencia. | ||
| 650 |
_aAspectos legales _93379 |
||
| 650 |
_aJuicio de alimentos _936273 |
||
| 650 |
_aDerecho de familia _919034 |
||
| 650 |
_aLegislación _92962 |
||
| 650 |
_aPerú _935 |
||
| 942 |
_2ddc _cLIBROS |
||
| 945 |
_aacv _d2019-05-04 |
||